[Event "Quebec-ch U12"]
[Site "Montreal"]
[Date "2018.01.13"]
[Round "3"]
[White "Liu, Daniel Orejuela"]
[Black "Roy, Benjamin"]
[Result "1-0"]
[WhiteElo "1134"]
[BlackElo "1133"]
[PlyCount "85"]
[EventDate "2018.01.12"]
[EventType "swiss"]
[EventRounds "5"]
[EventCountry "CAN"]
[SourceTitle "EXT 2022"]
[Source "ChessBase"]
[SourceDate "2021.10.06"]
[SourceVersion "1"]
[SourceVersionDate "2021.10.06"]
[SourceQuality "1"]

1. e4 e5 2. Nf3 Nc6 3. Bc4 Nf6 4. Ng5 d5 5. exd5 Nxd5 6. Nxf7 Kxf7 7. Qf3+ Qf6 8. Qxd5+ Be6 9. Qxe6+ Qxe6 10. Bxe6+ Kxe6 11. 0-0 Nd4 12. Na3 b5 13. c3 Ne2+ 14. Kh1 a6 15. Re1 Nf4 16. d4 Nd3 17. Re2 Bd6 18. dxe5 Bxe5 19. f4 Rhf8 20. Bd2 Nxf4 21. Bxf4 Rxf4 22. Rae1 Raf8 23. Kg1 R8f5 24. Nc2 Kf6 25. g3 Rf3 26. Ne3 Rg5 27. Kg2 Rf4 28. Nd5+ Kg6 29. Nxf4+ Bxf4 30. Kf3 Bd6 31. Re4 Rf5+ 32. Kg2 Bc5 33. Rf4 Rd5 34. Re2 Kh5 35. Rfe4 Bd6 36. Kh3 g5 37. Rg4 h6 38. Rd4 Rf5 39. Re6 Rf3 40. Kg2 Bf4 41. Kxf3 Be5 42. g4+ Kh4 43. Rxh6# 1-0